Plans and particulars of an estate the property of the Revd. Robert Davers, Bradfield Saint George, Bradfield Saint Clare, Felsham and Cockfield in Suffolk (Record no. 114434)

MARC details
000 -LEADER
fixed length control field 00962ctm a22001935a 4500
001 - CONTROL NUMBER
control field L156818
008 - FIXED-LENGTH DATA ELEMENTS--GENERAL INFORMATION
fixed length control field 120717s1824 xxk f 000 0 eng d
035 ## - SYSTEM CONTROL NUMBER
System control number (Sirsi) u156818
041 0# - LANGUAGE CODE
Language code of text/sound track or separate title eng
100 1# - MAIN ENTRY--PERSONAL NAME
Personal name Lenny, J. G.
245 00 - TITLE STATEMENT
Title Plans and particulars of an estate the property of the Revd. Robert Davers, Bradfield Saint George, Bradfield Saint Clare, Felsham and Cockfield in Suffolk
Medium [manuscript]
260 ## - PUBLICATION, DISTRIBUTION, ETC.
Place of publication, distribution, etc. [S.l.]
Name of publisher, distributor, etc. J. G. Lenny, Surveyor
Date of publication, distribution, etc. 1824
300 ## - PHYSICAL DESCRIPTION
Extent 1v
Other physical details col. ill.
Dimensions 25 cm.
520 ## - SUMMARY, ETC.
Summary, etc. This item is a manuscript survey of an estate in Suffolk, carried out by J. G. Lenny in 1824. The plans are hand coloured. There is a dedication at the front, reading: "To the Revd. Robert Davers, the following Plans are most respectfully inscribed by his greatly obliged and most obedient faithful servant. J. G. Lenny.
583 ## - ACTION NOTE
Action Condition reviewed
Time/date of action 20120620
Status condition level 1
651 #4 - SUBJECT ADDED ENTRY--GEOGRAPHIC NAME
Geographic name Suffolk
690 ## - LOCAL SUBJECT ADDED ENTRY--TOPICAL TERM (OCLC, RLIN)
Topical term or geographic name as entry element Geomatics
9 (RLIN) 6242
942 ## - ADDED ENTRY ELEMENTS (KOHA)
Suppress in OPAC 0
Holdings
Withdrawn status Lost status Damaged status Not for loan Home library Current library Shelving location Date acquired Total Checkouts Full call number Barcode Date last seen Copy number Price effective from Koha item type
        Historic collection Historic collection Historic collection 17/07/2012   REGIONAL QUARTO 1824 LENNY 30076947 26/08/2025 1 06/08/2019 Book